000 00531nam a2200217Ia 4500
003 OSt
005 20220923230743.0
006 a|||||r|||| 00| 0
007 ta
008 Pun
024 _a305,300
037 _cTextual
040 _aARTS
_cARTS
_bPun
041 _2Pun
_aPun
082 _aQ8441:33wJ95, 153L0
245 0 _aਗੁਰਬਿਲਾਸ ਛੋਵੀ੍ਵ ਪਾਤFਾਹੀ
260 _c1970
650 _aਧਰਮ
942 _hQ8441:33wJ95, 153L0
_cTEXL
_2CC
999 _c387103
_d387103